000 00568nam a2200217Ia 4500
003 OSt
005 20220928142352.0
006 a|||||r|||| 00| 0
007 ta
008 220927b |||||||| |||| 00| 0 eng d
024 _a19331
037 _cTextual
040 _aSDCL
_cSDCL
_beng
041 _2eng
_aeng
082 _aP151,3x5,1, K6
100 _aBhayani Harivallabh C
_9503372
245 0 _aStudies in Hemacandra's desinamamala.
260 _c1966
942 _hP151,3x5,1, K6
_cTEXL
_2CC
999 _c821529
_d821529